Statistics for Countries where Star Wars movies were filmed

Click here to take the quiz!

General Stats

  • This quiz has been taken 58 times
  • The average score is 8 of 17

Answer Stats

County% Correct
United States
100%
United Kingdom
92%
China
73%
Italy
73%
Spain
73%
Ireland
71%
Tunisia
69%
Norway
65%
Iceland
57%
Switzerland
39%
Thailand
27%
United Arab Emirates
24%
Guatemala
22%
Jordan
22%
Croatia
14%
Bolivia
8%
Maldives
8%

Score Distribution

Percentile by Number Answered

Percent of People with Each Score

Your Score History

You have not taken this quiz